| 000 | 00790nam a2200229 a 4500 | ||
|---|---|---|---|
| 003 | PILC | ||
| 005 | 20160204153427.0 | ||
| 008 | 121205s19uu xx 00 eng d | ||
| 020 | _a9781601631329 | ||
| 050 |
_aBF 1815.N8 _b.L445 2010 |
||
| 100 | _aLemesurier, Peter. | ||
| 245 |
_aNostradamus, bibliomancer : _bthe man, the myth, the truth / _cPeter Lemesurier. |
||
| 260 |
_aFranklin Lakes, N.J. ; London : _bNew Page ; Deep, _c2010. |
||
| 300 |
_a288 pages : _billustrations ; _c24 cm. |
||
| 500 | _aIncludes bibliographical references and indexes. Includes 1 CD. | ||
| 600 |
_aNostradamus, 1503-1566 _xSources |
||
| 600 |
_aNostradamus, 1503-1566 _xProphesies |
||
| 650 | _aFortune-telling by books | ||
| 650 | _aProphecies (Occultism) | ||
| 942 |
_cBK _2lcc _kFOR |
||
| 999 |
_c22107 _d22107 |
||